A biblical-theological introduction to the New Testament : (Record no. 3110)

MARC details
000 -LEADER
fixed length control field 01360cam a2200337 i 4500
001 - CONTROL NUMBER
control field 18764556
003 - CONTROL NUMBER IDENTIFIER
control field GBCCL
005 - DATE AND TIME OF LATEST TRANSACTION
control field 20241126110447.0
008 - FIXED-LENGTH DATA ELEMENTS--GENERAL INFORMATION
fixed length control field 150828s2016 ilu b 001 0 eng
010 ## -
-- 2015032925
020 ## - INTERNATIONAL STANDARD BOOK NUMBER
International Standard Book Number GS00005171099
020 ## - INTERNATIONAL STANDARD BOOK NUMBER
International Standard Book Number 9781433536762 (hc)
040 ## - CATALOGING SOURCE
Original cataloging agency DLC
Language of cataloging eng
Transcribing agency DLC
Description conventions rda
Modifying agency DLC
042 ## -
-- pcc
050 00 -
-- BS2330.3
-- .B525 2016
082 00 - DEWEY DECIMAL CLASSIFICATION NUMBER
Classification number 225.061
Edition information 23
Item number BIB
245 02 - TITLE STATEMENT
Title A biblical-theological introduction to the New Testament :
Remainder of title the gospel realized /
Statement of responsibility, etc. edited by Michael J. Kruger ; foreword by J. Ligon Duncan III.
250 ## - EDITION STATEMENT
Edition statement Ist Indian edition
264 #1 - PRODUCTION, PUBLICATION, DISTRIBUTION, MANUFACTURE, AND COPYRIGHT NOTICE
Place of production, publication, distribution, manufacture Wheaton, Illinois :
-- Secunderabad :
Name of producer, publisher, distributor, manufacturer Crossway,
-- GS Books,
Date of production, publication, distribution, manufacture, or copyright notice [2016]
-- 2017.
300 ## - PHYSICAL DESCRIPTION
Extent 655 pages ;
Dimensions 27 cm
336 ## - CONTENT TYPE
Content type term text
Content type code txt
Source rdacontent
337 ## - MEDIA TYPE
Media type term unmediated
Media type code n
Source rdamedia
338 ## - CARRIER TYPE
Carrier type term volume
Carrier type code nc
Source rdacarrier
504 ## - BIBLIOGRAPHY, ETC. NOTE
Bibliography, etc. note Includes bibliographical references and indexes.
630 00 - SUBJECT ADDED ENTRY--UNIFORM TITLE
Uniform title Bible.
Name of part/section of a work New Testament
Form subdivision Introductions.
9 (RLIN) 3504
700 1# - ADDED ENTRY--PERSONAL NAME
Personal name Kruger, Michael J.,
Relator term editor.
9 (RLIN) 6438
776 08 - ADDITIONAL PHYSICAL FORM ENTRY
Relationship information Online version:
Title Biblical-theological introduction to the New Testament
Place, publisher, and date of publication Wheaton : Crossway, 2016
International Standard Book Number 9781433536779
Record control number (DLC) 2015034832
906 ## - LOCAL DATA ELEMENT F, LDF (RLIN)
a 7
b cbc
c orignew
d 1
e ecip
f 20
g y-gencatlg
942 ## - ADDED ENTRY ELEMENTS (KOHA)
Source of classification or shelving scheme Dewey Decimal Classification
Koha item type Books
Koha issues (borrowed), all copies 97
Holdings
Withdrawn status Lost status Source of classification or shelving scheme Damaged status Not for loan Home library Current Library Shelving location Date acquired Total checkouts Total renewals Full call number Barcode Date last seen Date last checked out Copy number Price effective from Koha item type
    Dewey Decimal Classification     GRACE BIBLE COLLEGE GRACE BIBLE COLLEGE Biblical Studies 2017-10-24 34 3 225.061 BIB 014500 2025-05-01 2024-06-18 c.1 2017-10-24 Books
    Dewey Decimal Classification     GRACE BIBLE COLLEGE GRACE BIBLE COLLEGE Biblical Studies 2017-10-24 26 3 225.061 BIB 014501 2025-05-01 2024-08-02 c.2 2017-10-24 Books
    Dewey Decimal Classification     GRACE BIBLE COLLEGE GRACE BIBLE COLLEGE Biblical Studies 2018-07-13 39 1 225.061 BIB 014682 2025-05-01 2025-02-11 c.3 2018-07-13 Books
© Grace Bible College Library 2025